| 000 | 00926nam a2200205 a 4500 | ||
|---|---|---|---|
| 008 | 111004s1992 ||||||||||||||||| || u | ||
| 020 | _a0827348533 | ||
| 050 | _aRB 111 Bur | ||
| 100 | _aBurke, Shirley R | ||
| 245 | 1 | 0 |
_aHuman anatomy and physiology in health and disease.-- 3rd ed. _cby Shirley R. Burke |
| 250 | _a3rd ed. | ||
| 260 |
_aNew York _bDelmar Publishers _c1992 |
||
| 300 | _ax, 550p.: ill. | ||
| 350 | _a0.00 | ||
| 650 | 0 | _aPATHOLOGY | |
| 650 | 0 | _aHUMAN PHYSIOLOGY | |
| 650 | 0 | _aHUMAN ANATOMY | |
| 995 |
_aMEDICAL LIBRARY OPEN ACCESS _D0.00 _e901187 _FCBU-SCHOOL OF MEDICINE LIBRARY (Ndola) _H1 _I0.00 _jRB 111 BUR _M1 _UAVAILABLE _WOct 4, 2011 _y901187 _ZMedical Library Open Access Collection |
||
| 995 |
_aMEDICAL LIBRARY OPEN ACCESS _D0.00 _e900299 _FCBU-SCHOOL OF MEDICINE LIBRARY (Ndola) _H1 _I0.00 _jRB 111 Bur _M1 (Laboratory manual/workbook) _UAVAILABLE _WDec 7, 2011 _y900299 _ZMedical Library Open Access Collection |
||
| 999 |
_c64088 _d64088 |
||